| 000 | 00620nam a2200193 a 4500 | ||
|---|---|---|---|
| 005 | 20260221063937.0 | ||
| 008 | 991125s1990 ag 000 0 spa u | ||
| 020 | _a9507550402 | ||
| 035 | _aUPN01000003828 | ||
| 049 | _aCG | ||
| 050 | 4 |
_aLB42 _bW3.3 |
|
| 100 | 1 | _aWagner de Williams, Lidia Beatriz | |
| 245 | 1 | 0 |
_aAportes de nuevas perspectivas al ámbito didáctico : _bdesafío a la enseñanza / _cLidia Beatriz Wagner de Williams. |
| 260 |
_aBuenos Aires : _bBraga, _c1990. |
||
| 300 |
_a112 p. : _bil., gráfs. |
||
| 650 | 4 |
_aEducación _xFilosofía _94994 |
|
| 650 | 4 |
_aInnovaciones educativas _9386 |
|
| 905 | _aLibro | ||
| 999 |
_c3828 _d3828 |
||